logo

Bir Sreshtho Munshi Abdur Rouf Library
Jhenaidah Cadet College

বাস্তবের অন্বেষা / (Record no. 10141)

MARC details
000 -LEADER
fixed length control field 00682nam a22002177a 4500
001 - CONTROL NUMBER
JCCL Control Number 10141
003 - CONTROL NUMBER IDENTIFIER
JCCL marc code OSt
005 - DATE AND TIME OF LATEST TRANSACTION
control field 20180521095901.0
008 - FIXED-LENGTH DATA ELEMENTS--GENERAL INFORMATION
fixed length control field 180418b1996 bg ||||| |||| 00| 0 ben d
035 ## - SYSTEM CONTROL NUMBER
system control number (BD-JhCC)10141
040 ## - CATALOGING SOURCE
Original cataloging agency BD-JhCC
Modifying agency BD-JhCC
041 ## - LANGUAGE CODE
Language code of Book ben
082 ## - DEWEY DECIMAL CLASSIFICATION NUMBER
Classification number 111
Author mark and Year AHA 1996
100 ## - MAIN ENTRY--PERSONAL NAME
Personal name আহমেদ, নওয়াজেশ
245 ## - TITLE STATEMENT
Title বাস্তবের অন্বেষা /
Statement of responsibility, etc নওয়াজেশ আহমেদ
260 ## - PUBLICATION, DISTRIBUTION, ETC. (IMPRINT)
Place of publication, distribution, etc ঢাকা :
Name of publisher, distributor, etc বাংলাদেশ শিল্পকলা একাডেমী
Date of publication, distribution, etc 1996.
300 ## - PHYSICAL DESCRIPTION
Pagination 100 p. :
Other physical details II
Dimensions 23 cm.
650 ## - SUBJECT ADDED ENTRY--TOPICAL TERM
Topical term or geographic name as entry element Color (Philosophy)
942 ## - ADDED ENTRY ELEMENTS (KOHA)
Source of classification or shelving scheme Dewey Decimal Classification
Koha item type Books
Holdings
Source of classification or shelving scheme Damaged status Not for loan Home library Current library Shelving location Date of accession Cost, normal purchase price Total Checkouts Full call number Barcode Date last seen Copy number Koha item type
Dewey Decimal Classification     JCC Rouf Library JCC Rouf Library General Stacks 04/18/2018 150.00   111 AHA 1996 13376 04/18/2018 C-1 Books

JCC Library | Contacts | JCC Home

Last Update on 23 September 2017
Copyright @ 2017-2020 JCC Rouf Library
Rouf Library, Jhenidah Cadet College (JCC), Bangladesh